Word Vocabulary - SP - Statistics

General Stats
  • This quiz has been taken 1,325 times
    1,318 since last reset
  • The average score is 49 of 107
Answer Stats
word % Correct
spa
99%
spar
94%
span
93%
spin
91%
spat
88%
spam
85%
spit
85%
spot
82%
spun
82%
spade
81%
speak
78%
spill
78%
spare
76%
space
75%
spell
75%
sport
75%
spur
74%
spec
73%
speed
73%
spoon
73%
spy
73%
spoke
72%
spick
71%
spore
71%
spend
69%
spring
66%
spew
64%
spear
63%
spool
63%
sped
62%
spark
60%
spine
59%
spray
59%
spud
58%
speck
57%
spank
56%
spay
56%
sprit
56%
spent
55%
spurt
54%
spook
53%
spike
52%
split
51%
spoil
51%
spite
50%
sprint
50%
sprung
50%
spire
49%
spleen
49%
sprite
48%
spate
46%
splat
46%
sponge
46%
spunk
46%
spice
45%
splash
45%
spree
44%
spawn
43%
spall
41%
sprang
41%
spread
41%
spelt
40%
sperm
39%
spout
39%
spurn
39%
sprout
38%
spilt
37%
spork
37%
speech
36%
sprig
36%
spoof
35%
spiff
34%
splay
34%
sprat
33%
spang
32%
sprain
32%
spruce
32%
sphere
31%
splint
31%
spry
30%
splice
29%
spoor
29%
spiel
28%
sparse
26%
spiv
24%
sprawl
24%
spouse
23%
spile
22%
splurge
17%
sprog
17%
sphinx
15%
spritz
15%
spoilt
14%
sprag
14%
sparge
13%
spliff
13%
spline
13%
spurge
13%
spume
12%
splotch
11%
springe
8%
sprue
7%
spitz
6%
spathe
4%
splake
4%
spruik
4%
sphene
1%
No matching quizzes found
Score Distribution
Percent of People with Each Score
Percentile by Number Answered
Your Score History
You have not taken this quiz since the last reset